000 00611nam a2200193Ia 4500
003 GCL
008 140319s9999 xx 000 0 ara d
040 _aGCL /
_cGCL
082 0 4 _a811,9
_bأ ف
100 1 _aاحمد درويش
_vDistributor
_@
…وزع
245 1 0 _aفى النقد التحليلى للقصيدة المعاصرة /
_cاحمد درويش
260 _a[S.N] :
_bمكتبة النهضة المصرية ،
_c1988
300 _a206 ص
490 _a
650 0 4 _aالشعر العربى
650 0 4 _aدواوين وقصائد
650 0 4 _aتاريخ ونقد
942 _2ddc
_cBK
999 _c33712
_d33712